000 00385nam a22001577a 4500
003 MPLRDC
005 20220104151515.0
008 210129b ||||| |||| 00| 0 eng d
082 _a913.6 XYJQ
100 _a
245 _a新歌妙曲
_c
260 _a
_bPROSPERE PUBLISHING PTE LTD 新越企业
_c
300 _b
650 _a歌谣曲; 流行歌曲
942 _cBK
_o913.6 XYJQ
999 _c52405
_d52395